[Event "Ste Foy Keres"]
[Site "Ste Foy CAN"]
[Date "2017.05.29"]
[Round "5"]
[White "Beauchesne, Jonathan"]
[Black "Potvin, Alain-Nicolas"]
[Result "1/2-1/2"]
[WhiteElo "1752"]
[BlackElo "1825"]
[WhiteFideId "-1"]
[WhiteFideId "-1"]
[PlyCount "27"]
[GameId "2160767908411652"]
[EventDate "2017.05.01"]
[EventType "swiss"]
[EventRounds "5"]
[EventCountry "CAN"]
[SourceTitle "EXT 2022"]
[Source "ChessBase"]
[SourceDate "2021.10.06"]
[SourceVersion "1"]
[SourceVersionDate "2021.10.06"]
[SourceQuality "1"]

1. e4 d6 2. d4 Nf6 3. Nc3 g6 4. f3 Bg7 5. Be3 O-O 6. Qd2 Na6 7. O-O-O c6 8. Bxa6 bxa6 9. Bh6 Rb8 10. Bxg7 Kxg7 11. Nge2 Qa5 12. b3 c5 13. Na4 Qb4 14. Qxb4 1/2-1/2

[Event "Ste Foy Keres"]
[Site "Ste Foy CAN"]
[Date "2017.05.29"]
[Round "5"]
[White "Dube, Daniel"]
[Black "Tremblay, Rejean"]
[Result "0-1"]
[WhiteElo "1936"]
[BlackElo "2252"]
[WhiteFideId "-1"]
[WhiteFideId "-1"]
[PlyCount "80"]
[GameId "2160767908411653"]
[EventDate "2017.05.01"]
[EventType "swiss"]
[EventRounds "5"]
[EventCountry "CAN"]
[SourceTitle "EXT 2022"]
[Source "ChessBase"]
[SourceDate "2021.10.06"]
[SourceVersion "1"]
[SourceVersionDate "2021.10.06"]
[SourceQuality "1"]

1. d4 Nf6 2. c4 e6 3. Nf3 d5 4. Nc3 c6 5. Bg5 dxc4 6. e4 b5 7. e5 h6 8. Bh4 g5 9. Nxg5 hxg5 10. Bxg5 Nbd7 11. g3 Bb7 12. Bg2 Qb6 13. exf6 c5 14. d5 O-O-O 15. O-O b4 16. Na4 Qb5 17. a3 Nb8 18. axb4 cxb4 19. Qe2 Bxd5 20. h4 Nc6 21. Rfd1 Na5 22. Qe3 Kb7 23. Bf1 a6 24. b3 Nxb3 25. Qxb3 cxb3 26. Bxb5 axb5 27. Nb2 Bd6 28. Ra5 Ra8 29. Rda1 Rxa5 30. Rxa5 Bc4 31. Be3 Kc6 32. f4 e5 33. fxe5 Bxe5 34. Bc1 Rd8 35. Ra1 Rg8 36. h5 Rxg3+ 37. Kf2 Rh3 38. h6 Bxb2 39. Kg2 Bxa1 40. Kxh3 Bd3 0-1

[Event "Ste Foy Keres"]
[Site "Ste Foy CAN"]
[Date "2017.05.29"]
[Round "5"]
[White "Gaulin, Gaetan"]
[Black "Cossette, Daniel"]
[Result "0-1"]
[WhiteElo "1964"]
[BlackElo "2125"]
[WhiteFideId "-1"]
[WhiteFideId "-1"]
[PlyCount "76"]
[GameId "2160767908411654"]
[EventDate "2017.05.01"]
[EventType "swiss"]
[EventRounds "5"]
[EventCountry "CAN"]
[SourceTitle "EXT 2022"]
[Source "ChessBase"]
[SourceDate "2021.10.06"]
[SourceVersion "1"]
[SourceVersionDate "2021.10.06"]
[SourceQuality "1"]

1. Nf3 d5 2. d4 e6 3. e3 Nf6 4. Bd3 c5 5. b3 Nc6 6. Bb2 Be7 7. O-O O-O 8. Nbd2 b6 9. Ne5 Bb7 10. a3 Rc8 11. Qf3 Na5 12. Qh3 g6 13. Rfd1 Qd6 14. c4 cxd4 15. exd4 Ne4 16. Bxe4 dxe4 17. d5 f5 18. dxe6 Qxe6 19. f4 Rcd8 20. b4 Nc6 21. g4 Nxe5 22. gxf5 gxf5 23. Bxe5 Rd3 24. Qg2+ Qg6 25. Qxg6+ hxg6 26. Nf1 Rfd8 27. Rxd3 Rxd3 28. Kf2 g5 29. Ke2 gxf4 30. Bxf4 Kf7 31. Ne3 Ke6 32. Ra2 a5 33. bxa5 bxa5 34. Rb2 Bc6 35. Rb6 Kd7 36. Nxf5 Bc5 37. Rb2 Rf3 38. Rd2+ Ke6 0-1

[Event "Ste Foy Khalif"]
[Site "Ste Foy CAN"]
[Date "2017.03.20"]
[Round "1"]
[White "Ayotte, Charles"]
[Black "Dube, Daniel"]
[Result "0-1"]
[WhiteElo "1585"]
[BlackElo "1800"]
[WhiteFideId "-1"]
[WhiteFideId "-1"]
[PlyCount "26"]
[GameId "2160767908478074"]
[EventDate "2017.03.20"]
[EventType "swiss"]
[EventRounds "5"]
[EventCountry "CAN"]
[SourceTitle "EXT 2022"]
[Source "ChessBase"]
[SourceDate "2021.10.06"]
[SourceVersion "1"]
[SourceVersionDate "2021.10.06"]
[SourceQuality "1"]

1. c4 e5 2. Nc3 Nc6 3. a3 a5 4. g3 f5 5. e4 d6 6. Bg2 Nf6 7. d3 Be7 8. Nge2 O-O 9. Be3 Ng4 10. Qd2 Nxe3 11. Qxe3 f4 12. gxf4 exf4 13. Qf3 Ne5 0-1

[Event "Ste Foy Khalif"]
[Site "Ste Foy CAN"]
[Date "2017.03.20"]
[Round "1"]
[White "Boissinot, Claude"]
[Black "Bluteau, Yvon"]
[Result "0-1"]
[WhiteElo "1507"]
[BlackElo "1904"]
[WhiteFideId "-1"]
[WhiteFideId "-1"]
[PlyCount "112"]
[GameId "2160767908478075"]
[EventDate "2017.03.20"]
[EventType "swiss"]
[EventRounds "5"]
[EventCountry "CAN"]
[SourceTitle "EXT 2022"]
[Source "ChessBase"]
[SourceDate "2021.10.06"]
[SourceVersion "1"]
[SourceVersionDate "2021.10.06"]
[SourceQuality "1"]

1. e4 c5 2. Nf3 Nc6 3. d4 cxd4 4. Nxd4 d6 5. Nc3 Nf6 6. Be2 g6 7. Be3 Bg7 8. O-O O-O 9. h3 Bd7 10. Qd2 Qc8 11. Rab1 Ne5 12. f4 Nc4 13. Bxc4 Qxc4 14. e5 dxe5 15. fxe5 Nd5 16. Nxd5 Qxd5 17. Nf3 Qe6 18. Bf4 Bc6 19. Nd4 Qc4 20. Nxc6 Qxc6 21. Qe2 Rac8 22. c3 a6 23. Kh1 Qe6 24. a3 Rc5 25. Rbe1 b5 26. Rf3 Rd8 27. Rd3 Rxd3 28. Qxd3 Rd5 29. Qe2 h6 30. Bg3 Kh7 31. Qe3 Qf5 32. Qe2 Qe6 33. Bh2 h5 34. Bg3 Bh6 35. Rd1 Qd7 36. Rxd5 Qxd5 37. Bf2 Bf4 38. Bd4 Qa2 39. g4 hxg4 40. hxg4 Qd5+ 41. Qg2 Qxg2+ 42. Kxg2 Bc1 43. b4 Bxa3 44. Kf3 Bc1 45. Kg3 Kg8 46. Kf3 Kf8 47. Ke4 Ke8 48. Kd5 Kd7 49. Bc5 Bg5 50. Bd4 Bh4 51. Be3 Bg3 52. Bg5 e6+ 53. Ke4 Kc6 54. Bd8 Be1 55. Ba5 Bxc3 56. Kf4 Kd5 0-1

[Event "Ste Foy Khalif"]
[Site "Ste Foy CAN"]
[Date "2017.03.20"]
[Round "1"]
[White "Cossette, Daniel"]
[Black "Beauchesne, Jonathan"]
[Result "1-0"]
[WhiteElo "2089"]
[BlackElo "1840"]
[WhiteFideId "-1"]
[WhiteFideId "-1"]
[PlyCount "103"]
[GameId "2160767908478076"]
[EventDate "2017.03.20"]
[EventType "swiss"]
[EventRounds "5"]
[EventCountry "CAN"]
[SourceTitle "EXT 2022"]
[Source "ChessBase"]
[SourceDate "2021.10.06"]
[SourceVersion "1"]
[SourceVersionDate "2021.10.06"]
[SourceQuality "1"]

1. e4 c5 2. Nf3 d6 3. Bb5+ Bd7 4. Bxd7+ Qxd7 5. c4 Nc6 6. d4 cxd4 7. Nxd4 Nf6 8. Nc3 g6 9. O-O Bg7 10. Nde2 O-O 11. f3 Rfd8 12. Bg5 h6 13. Bh4 g5 14. Bf2 Ne5 15. b3 g4 16. f4 Ng6 17. Qd2 Qc6 18. Qe3 a5 19. Rac1 a4 20. Nd4 Qc5 21. g3 axb3 22. axb3 Ra5 23. Ncb5 Rda8 24. Qe1 Qh5 25. Nc7 Rc8 26. e5 Nxe5 27. Nd5 Rxd5 28. cxd5 Rxc1 29. Qxc1 Nf3+ 30. Nxf3 gxf3 31. Qc8+ Kh7 32. h4 Qxd5 33. Qc2+ Kg8 34. Ra1 Ne4 35. Rd1 Qc6 36. Qd3 b5 37. Qxf3 Qc2 38. Re1 Nxf2 39. Qxf2 Qxb3 40. Rxe7 Qc3 41. Kg2 b4 42. Qe2 Qf6 43. Re8+ Kh7 44. Qe4+ Qg6 45. Qxb4 Qc2+ 46. Kf3 Qd1+ 47. Re2 Qf1+ 48. Rf2 Qd1+ 49. Kg2 Qd5+ 50. Kh2 Bd4 51. Rd2 Qc5 52. Qxd4 1-0

[Event "Ste Foy Khalif"]
[Site "Ste Foy CAN"]
[Date "2017.03.20"]
[Round "1"]
[White "Laprade, Jean Jr"]
[Black "Fecteau, Martin"]
[Result "1-0"]
[WhiteElo "1635"]
[BlackElo "1880"]
[WhiteFideId "-1"]
[WhiteFideId "-1"]
[PlyCount "67"]
[GameId "2160767908478077"]
[EventDate "2017.03.20"]
[EventType "swiss"]
[EventRounds "5"]
[EventCountry "CAN"]
[SourceTitle "EXT 2022"]
[Source "ChessBase"]
[SourceDate "2021.10.06"]
[SourceVersion "1"]
[SourceVersionDate "2021.10.06"]
[SourceQuality "1"]

1. e4 c6 2. d4 d5 3. Nc3 dxe4 4. Nxe4 Bf5 5. Ng3 Bg6 6. h4 h6 7. Nf3 Nf6 8. Bd3 Bxd3 9. Qxd3 e6 10. Ne4 Nbd7 11. c3 Be7 12. Bf4 Nxe4 13. Qxe4 Nf6 14. Qe2 Nd5 15. Be5 O-O 16. Bg3 Qa5 17. O-O Rfe8 18. Ne5 Nf6 19. Rfd1 Qd5 20. Re1 Bf8 21. Bf4 b5 22. g4 Nd7 23. g5 Nxe5 24. Bxe5 hxg5 25. hxg5 g6 26. Qg4 Bg7 27. Re3 Bxe5 28. dxe5 Rad8 29. Qf4 Qc5 30. Rh3 Qf8 31. Qf6 Qg7 32. Kg2 Rd5 33. Rah1 Qxf6 34. gxf6 1-0

[Event "Ste Foy Khalif"]
[Site "Ste Foy CAN"]
[Date "2017.03.20"]
[Round "1"]
[White "Tremblay, Rejean"]
[Black "Laflamme, Simon"]
[Result "1-0"]
[WhiteElo "2240"]
[BlackElo "1823"]
[WhiteFideId "-1"]
[WhiteFideId "-1"]
[PlyCount "51"]
[GameId "2160767908478078"]
[EventDate "2017.03.20"]
[EventType "swiss"]
[EventRounds "5"]
[EventCountry "CAN"]
[SourceTitle "EXT 2022"]
[Source "ChessBase"]
[SourceDate "2021.10.06"]
[SourceVersion "1"]
[SourceVersionDate "2021.10.06"]
[SourceQuality "1"]

1. d4 Nf6 2. c4 e6 3. Nf3 b6 4. Nc3 Bb4 5. g3 Bb7 6. Bg2 Bxc3+ 7. bxc3 d6 8. O-O Nbd7 9. Qc2 Qe7 10. Rd1 O-O-O 11. a4 a5 12. Ba3 e5 13. e3 h5 14. d5 h4 15. Rab1 hxg3 16. hxg3 Rh5 17. Rb2 Rdh8 18. e4 Ng4 19. Qe2 Qf6 20. Nh4 Qg5 21. Rb3 Ba6 22. Bc1 Bxc4 23. Qxc4 Qf6 24. Qe2 Rxh4 25. gxh4 Qxh4 26. c4 1-0

[Event "Ste Foy Khalif"]
[Site "Ste Foy CAN"]
[Date "2017.03.27"]
[Round "2"]
[White "Beauchesne, Jonathan"]
[Black "Boissinot, Claude"]
[Result "1-0"]
[WhiteElo "1840"]
[BlackElo "1507"]
[WhiteFideId "-1"]
[WhiteFideId "-1"]
[PlyCount "63"]
[GameId "2160767908478079"]
[EventDate "2017.03.20"]
[EventType "swiss"]
[EventRounds "5"]
[EventCountry "CAN"]
[SourceTitle "EXT 2022"]
[Source "ChessBase"]
[SourceDate "2021.10.06"]
[SourceVersion "1"]
[SourceVersionDate "2021.10.06"]
[SourceQuality "1"]

1. e4 c5 2. Nf3 e6 3. d3 d6 4. g3 Nf6 5. Bg2 Nc6 6. O-O Qc7 7. a4 b6 8. Re1 Bb7 9. Na3 a6 10. Bf4 e5 11. Bg5 Be7 12. Bxf6 Bxf6 13. c3 O-O 14. Nc4 b5 15. Ne3 Ne7 16. Ng4 Ng6 17. Nxf6+ gxf6 18. Qd2 Kg7 19. h4 h5 20. Nh2 Ne7 21. Nf1 Rad8 22. axb5 axb5 23. Ne3 d5 24. exd5 Bc8 25. Ra8 Bb7 26. Ra7 Qb6 27. Rxb7 Qxb7 28. d6 Qd7 29. dxe7 Qxd3 30. Nf5+ Kg6 31. Qh6+ Kxf5 32. Bh3# 1-0

[Event "Ste Foy Khalif"]
[Site "Ste Foy CAN"]
[Date "2017.03.27"]
[Round "2"]
[White "Bluteau, Yvon"]
[Black "Gaulin, Gaetan"]
[Result "0-1"]
[WhiteElo "1904"]
[BlackElo "1964"]
[WhiteFideId "-1"]
[WhiteFideId "-1"]
[PlyCount "96"]
[GameId "2160767908478080"]
[EventDate "2017.03.20"]
[EventType "swiss"]
[EventRounds "5"]
[EventCountry "CAN"]
[SourceTitle "EXT 2022"]
[Source "ChessBase"]
[SourceDate "2021.10.06"]
[SourceVersion "1"]
[SourceVersionDate "2021.10.06"]
[SourceQuality "1"]

1. Nf3 Nf6 2. c4 e6 3. g3 d5 4. cxd5 exd5 5. d4 Be7 6. Bg2 O-O 7. O-O Nbd7 8. Nc3 c6 9. Bg5 Ne4 10. Bxe7 Qxe7 11. Qc2 Re8 12. e3 Nd6 13. Rac1 Nf6 14. Ne5 Bf5 15. Qb3 Nfe4 16. Nxe4 dxe4 17. Qa3 f6 18. Nxc6 bxc6 19. Rxc6 Rad8 20. Rfc1 Rc8 21. Bf1 Be6 22. Ba6 Rxc6 23. Rxc6 Rd8 24. Qc5 Bxa2 25. b4 Rd7 26. Kg2 g6 27. h3 Kg7 28. Qa5 Bf7 29. Be2 h5 30. Qc5 Nf5 31. Qc3 Bd5 32. Rc8 Bb7 33. Rc5 Qd6 34. Kg1 Ne7 35. Bb5 Nd5 36. Qc4 Nb6 37. Qa2 Re7 38. Qxa7 Bd5 39. Qa5 Bf7 40. Be2 Nd7 41. Rb5 f5 42. Rb7 Nf6 43. Rxe7 Qxe7 44. b5 Qb7 45. Kg2 Bd5 46. Qb4 Kf7 47. Qd6 Ne8 48. b6 Nxd6 0-1

[Event "Ste Foy Khalif"]
[Site "Ste Foy CAN"]
[Date "2017.03.27"]
[Round "2"]
[White "Dube, Daniel"]
[Black "Tremblay, Rejean"]
[Result "0-1"]
[WhiteElo "1800"]
[BlackElo "2240"]
[WhiteFideId "-1"]
[WhiteFideId "-1"]
[PlyCount "58"]
[GameId "2160767908478081"]
[EventDate "2017.03.20"]
[EventType "swiss"]
[EventRounds "5"]
[EventCountry "CAN"]
[SourceTitle "EXT 2022"]
[Source "ChessBase"]
[SourceDate "2021.10.06"]
[SourceVersion "1"]
[SourceVersionDate "2021.10.06"]
[SourceQuality "1"]

1. d4 Nf6 2. c4 e6 3. Nc3 Bb4 4. g3 c5 5. Nf3 cxd4 6. Nxd4 Qc7 7. Qd3 O-O 8. Bg2 Nc6 9. Nxc6 dxc6 10. O-O Rd8 11. Qc2 e5 12. Bg5 Be7 13. e3 Be6 14. b3 h6 15. Bxf6 Bxf6 16. Rad1 Bg4 17. Rxd8+ Rxd8 18. h3 Be6 19. Rd1 Be7 20. g4 Rf8 21. Be4 Qc8 22. Bf5 g6 23. Bxe6 Qxe6 24. Qd2 Bb4 25. Qc2 h5 26. gxh5 Qxh3 27. Ne2 Qxh5 28. Ng3 Qg4 29. Qe4 Qxd1+ 0-1

[Event "Ste Foy Khalif"]
[Site "Ste Foy CAN"]
[Date "2017.03.27"]
[Round "2"]
[White "Potvin, Alain-Nicolas"]
[Black "Cossette, Daniel"]
[Result "0-1"]
[WhiteElo "1764"]
[BlackElo "2089"]
[WhiteFideId "-1"]
[WhiteFideId "-1"]
[PlyCount "76"]
[GameId "2160767908478082"]
[EventDate "2017.03.20"]
[EventType "swiss"]
[EventRounds "5"]
[EventCountry "CAN"]
[SourceTitle "EXT 2022"]
[Source "ChessBase"]
[SourceDate "2021.10.06"]
[SourceVersion "1"]
[SourceVersionDate "2021.10.06"]
[SourceQuality "1"]

1. d4 d5 2. Nf3 e6 3. e3 c5 4. c3 Nf6 5. Bd3 Nc6 6. O-O Bd6 7. Nbd2 O-O 8. Qe2 Qc7 9. dxc5 Bxc5 10. e4 h6 11. h3 Nh5 12. Nb3 Ng3 13. Qc2 Nxe4 14. Bxe4 dxe4 15. Qxe4 Bd6 16. Nbd4 Nxd4 17. Nxd4 Bd7 18. Re1 Rae8 19. Qd3 a6 20. Be3 Bc8 21. Rad1 Rd8 22. Qc2 b5 23. a4 bxa4 24. Qxa4 e5 25. Ne2 Bb7 26. Qg4 f5 27. Qa4 Kh8 28. f3 f4 29. Bc1 Bc5+ 30. Kh2 g5 31. Rxd8 Rxd8 32. Rd1 Rxd1 33. Qxd1 Qd6 34. Qxd6 Bxd6 35. b3 e4 36. fxe4 f3+ 37. Ng3 f2 38. Be3 Bxg3+ 0-1

[Event "Ste Foy Khalif"]
[Site "Ste Foy CAN"]
[Date "2017.04.03"]
[Round "3"]
[White "Beauchesne, Jonathan"]
[Black "Lessard, Claude"]
[Result "0-1"]
[WhiteElo "1840"]
[BlackElo "2138"]
[WhiteFideId "-1"]
[WhiteFideId "-1"]
[PlyCount "88"]
[GameId "2160767908478083"]
[EventDate "2017.03.20"]
[EventType "swiss"]
[EventRounds "5"]
[EventCountry "CAN"]
[SourceTitle "EXT 2022"]
[Source "ChessBase"]
[SourceDate "2021.10.06"]
[SourceVersion "1"]
[SourceVersionDate "2021.10.06"]
[SourceQuality "1"]

1. e4 c6 2. Nf3 d5 3. exd5 cxd5 4. d4 Nf6 5. Bb5+ Bd7 6. Bxd7+ Nbxd7 7. O-O e6 8. Qe2 Qb6 9. Nbd2 Rc8 10. c3 Be7 11. Re1 O-O 12. Nf1 Ne4 13. N3d2 Ndf6 14. Nxe4 Nxe4 15. f3 Nd6 16. Kh1 Rfe8 17. f4 Ne4 18. Nd2 Bh4 19. Rf1 Nd6 20. Qg4 Bf6 21. Qh3 g6 22. Nf3 Ne4 23. g4 Qa6 24. g5 Bg7 25. Ne5 Bxe5 26. fxe5 Qe2 27. Qf3 Qxf3+ 28. Rxf3 b5 29. Bf4 b4 30. Rc1 bxc3 31. bxc3 Rc4 32. Rc2 Rec8 33. Bd2 Rxd4 34. Bf4 Rdc4 35. Rb2 Rxc3 36. Rf1 Rc2 37. Rb7 Nf2+ 38. Kg1 Nh3+ 39. Kh1 Rf2 40. Rxf2 Nxf2+ 41. Kg2 Nd3 42. Kf3 Nxf4 43. Kxf4 Rc4+ 44. Ke3 Re4+ 0-1

[Event "Ste Foy Khalif"]
[Site "Ste Foy CAN"]
[Date "2017.04.03"]
[Round "3"]
[White "Cossette, Daniel"]
[Black "Cournoyer, Dominic"]
[Result "1-0"]
[WhiteElo "2089"]
[BlackElo "1943"]
[WhiteFideId "-1"]
[WhiteFideId "-1"]
[PlyCount "101"]
[GameId "2160767908478084"]
[EventDate "2017.03.20"]
[EventType "swiss"]
[EventRounds "5"]
[EventCountry "CAN"]
[SourceTitle "EXT 2022"]
[Source "ChessBase"]
[SourceDate "2021.10.06"]
[SourceVersion "1"]
[SourceVersionDate "2021.10.06"]
[SourceQuality "1"]

1. e4 d5 2. exd5 Nf6 3. c4 c6 4. d4 cxd5 5. Nc3 g6 6. Qb3 Bg7 7. cxd5 O-O 8. Be2 Nbd7 9. Bf3 Nb6 10. Bf4 Bg4 11. Bxg4 Nxg4 12. Nf3 Nf6 13. d6 exd6 14. O-O d5 15. h3 Ne4 16. Rfe1 Re8 17. Nb5 Re7 18. Rac1 Nc4 19. Na3 Na5 20. Qd3 Nc6 21. Nc2 Qa5 22. a3 Rae8 23. b4 Qd8 24. a4 Nd6 25. Rxe7 Rxe7 26. Ne3 Ne4 27. b5 Na5 28. Nxd5 Re8 29. Nc3 Nxc3 30. Qxc3 b6 31. Qc7 Qd5 32. Qd6 Qxd6 33. Bxd6 Nb3 34. Rc4 Rd8 35. Be5 Bxe5 36. dxe5 Nc5 37. Nd4 a6 38. f4 axb5 39. axb5 Ra8 40. g4 Ra2 41. f5 gxf5 42. gxf5 Kg7 43. Nc6 Rb2 44. Rg4+ Kh6 45. Nd4 Rd2 46. e6 fxe6 47. fxe6 Ra2 48. e7 Ra8 49. Nf5+ Kh5 50. Ng7+ Kh6 51. e8=Q 1-0

[Event "Ste Foy Khalif"]
[Site "Ste Foy CAN"]
[Date "2017.04.03"]
[Round "3"]
[White "Flor, Gerson"]
[Black "Bluteau, Yvon"]
[Result "0-1"]
[WhiteElo "1234"]
[BlackElo "1904"]
[WhiteFideId "-1"]
[WhiteFideId "-1"]
[PlyCount "74"]
[GameId "2160767908478085"]
[EventDate "2017.03.20"]
[EventType "swiss"]
[EventRounds "5"]
[EventCountry "CAN"]
[SourceTitle "EXT 2022"]
[Source "ChessBase"]
[SourceDate "2021.10.06"]
[SourceVersion "1"]
[SourceVersionDate "2021.10.06"]
[SourceQuality "1"]

1. e4 d5 2. exd5 Nf6 3. Nc3 Nxd5 4. Bc4 e6 5. a3 Bc5 6. Nf3 Nc6 7. d4 Be7 8. Nxd5 exd5 9. Bb5 O-O 10. O-O Bg4 11. Re1 Qd6 12. c3 a6 13. Ba4 Rfe8 14. Qd3 Bf6 15. Bd2 g6 16. Re3 b5 17. Bb3 Na5 18. Ba2 Nc4 19. Rxe8+ Rxe8 20. Bh6 Bf5 21. Qf1 Nxb2 22. Bb1 Bxb1 23. Qxb1 Nc4 24. a4 c6 25. axb5 cxb5 26. Qa2 Re6 27. Ne1 g5 28. Nf3 g4 29. Ng5 Bxg5 30. Bxg5 f6 31. Bh4 Qe7 32. Kf1 a5 33. Qc2 Qd7 34. Qc1 Qe8 35. Qf4 Re4 36. Qh6 Re2 37. g3 Nd2+ 0-1

[Event "Ste Foy Khalif"]
[Site "Ste Foy CAN"]
[Date "2017.04.03"]
[Round "3"]
[White "Tremblay, Rejean"]
[Black "Gaulin, Gaetan"]
[Result "0-1"]
[WhiteElo "2263"]
[BlackElo "1964"]
[WhiteFideId "-1"]
[WhiteFideId "-1"]
[PlyCount "82"]
[GameId "2160767908478086"]
[EventDate "2017.03.20"]
[EventType "swiss"]
[EventRounds "5"]
[EventCountry "CAN"]
[SourceTitle "EXT 2022"]
[Source "ChessBase"]
[SourceDate "2021.10.06"]
[SourceVersion "1"]
[SourceVersionDate "2021.10.06"]
[SourceQuality "1"]

1. e4 c6 2. Nc3 d5 3. Nf3 dxe4 4. Nxe4 Nf6 5. Nxf6+ gxf6 6. g3 Be6 7. Bg2 Qd7 8. Qe2 Na6 9. d4 Bg7 10. O-O O-O 11. Rd1 Rfe8 12. b3 Rad8 13. Bb2 Bg4 14. c4 e6 15. h3 Bh5 16. g4 Bg6 17. h4 h5 18. g5 Qc7 19. gxf6 Bxf6 20. Ne5 Bxe5 21. dxe5 Qe7 22. Qe3 Qxh4 23. Qxa7 Qe7 24. Rd6 Qg5 25. Qd4 Rxd6 26. exd6 e5 27. Qc3 Nc5 28. Rd1 Nd7 29. c5 Be4 30. f3 Bf5 31. b4 Kh7 32. f4 Qxf4 33. Rf1 Qg4 34. Qb3 Qg6 35. Rf2 Rg8 36. Qf3 Be6 37. Kf1 Qb1+ 38. Ke2 Qxb2+ 39. Ke1 Qxb4+ 40. Rd2 Qb1+ 41. Ke2 Bg4 0-1

[Event "Ste Foy Khalif"]
[Site "Ste Foy CAN"]
[Date "2017.04.10"]
[Round "4"]
[White "Dube, Daniel"]
[Black "Bluteau, Yvon"]
[Result "1-0"]
[WhiteElo "1800"]
[BlackElo "1904"]
[WhiteFideId "-1"]
[WhiteFideId "-1"]
[PlyCount "69"]
[GameId "2160767908478087"]
[EventDate "2017.03.20"]
[EventType "swiss"]
[EventRounds "5"]
[EventCountry "CAN"]
[SourceTitle "EXT 2022"]
[Source "ChessBase"]
[SourceDate "2021.10.06"]
[SourceVersion "1"]
[SourceVersionDate "2021.10.06"]
[SourceQuality "1"]

1. d4 Nf6 2. c4 e6 3. Nc3 d5 4. cxd5 exd5 5. Bg5 c6 6. e3 Nbd7 7. Bd3 Bd6 8. Nge2 h6 9. Bh4 Qb6 10. a3 O-O 11. O-O Re8 12. b4 a6 13. Na4 Qc7 14. Bg3 Nf8 15. Bxd6 Qxd6 16. Nb6 Rb8 17. Nxc8 Rbxc8 18. Ng3 g6 19. Qc2 Rc7 20. Rab1 Rce7 21. a4 h5 22. b5 axb5 23. axb5 h4 24. Ne2 Ng4 25. g3 hxg3 26. hxg3 Qf6 27. Nf4 Qh8 28. Kg2 Qh2+ 29. Kf3 Rxe3+ 30. Kxg4 Rxd3 31. Qxd3 Re4 32. Kf3 Nh7 33. Rh1 Ng5+ 34. Kg4 Rxf4+ 35. Kxf4 1-0

[Event "Ste Foy Khalif"]
[Site "Ste Foy CAN"]
[Date "2017.04.10"]
[Round "4"]
[White "Gaulin, Gaetan"]
[Black "Cossette, Daniel"]
[Result "0-1"]
[WhiteElo "1964"]
[BlackElo "2089"]
[WhiteFideId "-1"]
[WhiteFideId "-1"]
[PlyCount "60"]
[GameId "2160767908478088"]
[EventDate "2017.03.20"]
[EventType "swiss"]
[EventRounds "5"]
[EventCountry "CAN"]
[SourceTitle "EXT 2022"]
[Source "ChessBase"]
[SourceDate "2021.10.06"]
[SourceVersion "1"]
[SourceVersionDate "2021.10.06"]
[SourceQuality "1"]

1. Nf3 d5 2. g3 c5 3. Bg2 Nc6 4. d4 e6 5. O-O Nf6 6. c4 Be7 7. Nc3 O-O 8. cxd5 exd5 9. Bg5 c4 10. Ne5 Be6 11. Nxc6 bxc6 12. Qd2 Rb8 13. Bf4 Rb4 14. f3 c5 15. Kh1 cxd4 16. Qxd4 Qb6 17. Qxb6 Rxb6 18. Be5 Nd7 19. Bd4 Bc5 20. Rfd1 Bxd4 21. Rxd4 Rxb2 22. Nxd5 Bxd5 23. Rxd5 Nb6 24. Rc5 Rd8 25. a4 a5 26. Bf1 g6 27. Rxa5 c3 28. Rc5 c2 29. a5 Nd7 30. Rc3 Rb1 0-1

[Event "Ste Foy Khalif"]
[Site "Ste Foy CAN"]
[Date "2017.04.10"]
[Round "4"]
[White "Pouliot, Lewis"]
[Black "Beauchesne, Jonathan"]
[Result "0-1"]
[WhiteElo "1463"]
[BlackElo "1840"]
[WhiteFideId "-1"]
[WhiteFideId "-1"]
[PlyCount "83"]
[GameId "2160767908478089"]
[EventDate "2017.03.20"]
[EventType "swiss"]
[EventRounds "5"]
[EventCountry "CAN"]
[SourceTitle "EXT 2022"]
[Source "ChessBase"]
[SourceDate "2021.10.06"]
[SourceVersion "1"]
[SourceVersionDate "2021.10.06"]
[SourceQuality "1"]

1. c4 Nf6 2. Nc3 g6 3. e4 d6 4. Nf3 Nbd7 5. Be2 Bg7 6. a3 O-O 7. O-O a5 8. Re1 e5 9. d3 Nc5 10. h3 Nh5 11. Nh2 Nf4 12. Bf1 Nce6 13. Rb1 Ng5 14. Bxf4 exf4 15. Nd5 Ne6 16. Nf3 c6 17. Nc3 Ng5 18. Nxg5 Qxg5 19. Qf3 Qf6 20. Ne2 g5 21. b4 axb4 22. axb4 Bd7 23. h4 h6 24. d4 Ra7 25. hxg5 hxg5 26. Ra1 Rfa8 27. Rxa7 Rxa7 28. c5 dxc5 29. bxc5 Qe6 30. e5 Qf5 31. g3 fxg3 32. Qxf5 Bxf5 33. Nxg3 Bg6 34. Ne4 Ra4 35. Nf6+ Bxf6 36. exf6 Rxd4 37. Re7 Rd5 38. Rxb7 Rxc5 39. Bg2 Rf5 40. Bxc6 Rxf6 41. Rb5 Rxc6 42. Rxg5 0-1

[Event "Ste Foy Khalif"]
[Site "Ste Foy CAN"]
[Date "2017.04.10"]
[Round "4"]
[White "Tremblay, Rejean"]
[Black "Bonneau, Daniel"]
[Result "1/2-1/2"]
[WhiteElo "2263"]
[BlackElo "1915"]
[WhiteFideId "-1"]
[WhiteFideId "-1"]
[PlyCount "130"]
[GameId "2160767908478090"]
[EventDate "2017.03.20"]
[EventType "swiss"]
[EventRounds "5"]
[EventCountry "CAN"]
[SourceTitle "EXT 2022"]
[Source "ChessBase"]
[SourceDate "2021.10.06"]
[SourceVersion "1"]
[SourceVersionDate "2021.10.06"]
[SourceQuality "1"]

1. d4 Nf6 2. c4 g6 3. Nc3 Bg7 4. e4 d6 5. Be2 O-O 6. Nf3 e5 7. O-O Nc6 8. d5 Ne7 9. b4 Nh5 10. Re1 f5 11. Bf1 h6 12. Nd2 Nf6 13. f3 f4 14. c5 g5 15. Nc4 Rf7 16. Nb5 Ne8 17. a4 Ng6 18. c6 bxc6 19. dxc6 Be6 20. Bb2 h5 21. Nc3 g4 22. Nd2 Bf8 23. Bc4 Bxc4 24. Nxc4 Qg5 25. Kh1 Ng7 26. Nd2 Ne6 27. Nd5 Rh7 28. fxg4 Bg7 29. Nf3 Qxg4 30. h3 Qg3 31. Ra3 Nh4 32. Ne7+ Kf7 33. Nxe5+ Kxe7 34. Rxg3 fxg3 35. Rf1 Rf8 36. Rxf8 Nxf8 37. Nf3 Nxf3 38. Bxg7 Rxg7 39. Qxf3 h4 40. Qh5 Ng6 41. Kg1 Kf6 42. b5 Re7 43. Qf5+ Kg7 44. a5 Re5 45. Qd7+ Kh6 46. Qxc7 Rxb5 47. Kf1 Rb1+ 48. Ke2 Rb2+ 49. Kd3 Rxg2 50. Qxa7 Ne5+ 51. Kc3 Nxc6 52. Qc7 Ne5 53. Qxd6+ Ng6 54. Kb3 Re2 55. Qd4 g2 56. a6 Rxe4 57. Qf2 Re6 58. a7 Ra6 59. Qd2+ Kh7 60. Qf2 Kh6 61. Kb4 Ra1 62. Qd2+ Kh7 63. Qd7+ Kh6 64. Qd2+ Kh7 65. Qd7+ Kh6 1/2-1/2